000 01092cam a2200277 i 4500
003 SA-RiAUC
005 20241010080103.0
008 241009s1990 su g b 00100 ara c
040 _aSA-RiAUC
_bara
_cSA-RiAUC
_erda
050 4 _bD24. 1990
082 0 4 _a415.1
090 _a415.1
_b د ا ي
100 1 _aالدايل، عبد الله بن حمد بن عبد الله،
_d1375 هجري-
_eمؤلف.
245 1 2 _aالبناء في اللغة العربية قسيم الإعراب /
_cتأليف عبد الله بن حمد بن عبد الله الدايل.
250 _aالطبعة الأولى.
264 1 _aالرياض :
_bمكتبة الرشد،
_c1990
300 _a469 صفحة ؛
_c24 سم
336 _aنص
_btxt
_2rdacontent
_3كتاب
337 _aبدون وسيط
_bn
_2rdamedia
338 _aمجلد
_bnc
_2rdacarrier
500 _aكشافات : صفحة 441-444.
504 _aببليوجرافية : صفحة 449-466.
650 7 _aاللغة العربية
_xنحو
_2aucsh
942 _2ddc
_cBOOK
_n0
949 _aSA-JeALM
_d241009
_umohamedma123
_n1
999 _c1127
_d1127